| 000 | 00668cab a2200229 4500 | ||
|---|---|---|---|
| 001 | WB3448-32 | ||
| 008 | 090401t1998 xxu||||| |||| 00| 0 eng d | ||
| 035 | _a(Sirsi) u90309 | ||
| 041 | _aeng | ||
| 245 | _aProperty campaign launched | ||
| 260 | _c1998 | ||
| 350 | _a0 | ||
| 490 |
_aFinancial Times _v14 December 1998, 791) |
||
| 520 | _aThe Malaysian government has launched a nationwide `Home Ownership Campaign` to help absorb the £790m worth of excess property. | ||
| 650 | _aHOME OWNERSHIP | ||
| 650 | _aMALAYSIA | ||
| 650 | _aOVERSUPPLY | ||
| 650 | _aPROPERTY LENDING | ||
| 690 | _aOVERSEAS-REST OF THE WORLD | ||
| 942 | _n0 | ||
| 948 | _c15/12/1998 | ||
| 999 |
_c57243 _d57243 |
||